| 000 | 00443nam a2200157 i 4500 | ||
|---|---|---|---|
| 001 | 74783 | ||
| 003 | ES-MaACL | ||
| 005 | 20230906172237.0 | ||
| 007 | t| | ||
| 008 | 040921s1932 sp ||||1| spa d | ||
| 100 | 1 |
_aGranell, Conrado. _959616 |
|
| 245 | 1 | 0 |
_aEspaña en ruinas y en reconstrucción / _cConrado Granell. |
| 260 |
_aMadrid : _bSucesores de Rivadeneyra, _c1932. |
||
| 300 |
_a351 p. : _bil. ; _c19 cm. |
||
| 852 |
_aES-MaACL _jA-800 |
||
| 999 |
_c74783 _d74783 |
||